Una muerte muy dulce

Furkejuvvon:
Bibliográfalaš dieđut
Váldodahkki: Beauvoir, Simone de
Materiálatiipa: Girji
Giella:Undetermined
Almmustuhtton: México, Distrito Federal Editorial Hermes 1983
Fáttát:
Fáddágilkorat: Lasit fáddágilkoriid
Eai fáddágilkorat, Lasit vuosttaš fáddágilkora!

MARC

LEADER 00000nam a2200000Ia 4500
008 170316s9999 xx 000 0 und d
040 |a cru BVZT 
090 |a 840 B-6u 
100 |a Beauvoir, Simone de 
245 |a Una muerte muy dulce 
260 |a México, Distrito Federal 
260 |b Editorial Hermes 
260 |c 1983 
300 |a 122 páginas 
650 |a LITERATURA FRANCESA 
999 |c 7553  |d 7553 
942 |c 15 D  |h 840 B-6u  |2 z